[Event "Titled Tuesday intern op 23rd Jul Early"]
[Site "Chess.com INT"]
[Date "2024.07.23"]
[Round "11"]
[White "Farberov, Maxim"]
[Black "Romero Ruscalleda, Josep"]
[Result "0-1"]
[WhiteElo "1988"]
[BlackElo "2153"]
[PlyCount "56"]
[EventDate "2024.07.23"]
[EventType "swiss (blitz)"]
[EventRounds "11"]
[EventCountry "USA"]
[SourceTitle "EXT 2025"]
[Source "ChessBase"]
[SourceDate "2024.10.14"]
[SourceVersion "1"]
[SourceVersionDate "2024.10.14"]
[SourceQuality "1"]

1. e4 g6 2. d4 Bg7 3. Nc3 d6 4. Be3 a6 5. g4 b5 6. Bg2 Bb7 7. h4 h5 8. gxh5 Rxh5 9. Bf3 Rh8 10. h5 gxh5 11. e5 Qc8 12. Rxh5 Bxf3 13. Qxf3 Rxh5 14. Qxh5 Nc6 15. Nf3 dxe5 16. dxe5 Qe6 17. 0-0-0 Nxe5 18. Nxe5 Qxe5 19. Qf3 Rb8 20. Kb1 Nf6 21. Bf4 Qf5 22. Qc6+ Kf8 23. Bxc7 Rc8 24. Qb7 Ng4 25. Nd5 Be5 26. Ne3 Nxe3 27. fxe3 Bxc7 28. Qxa6 Bd6 0-1

[Event "Titled Tuesday intern op 23rd Jul Early"]
[Site "Chess.com INT"]
[Date "2024.07.23"]
[Round "10"]
[White "Soraas, Torben"]
[Black "Farberov, Maxim"]
[Result "0-1"]
[WhiteElo "2133"]
[BlackElo "1988"]
[PlyCount "102"]
[EventDate "2024.07.23"]
[EventType "swiss (blitz)"]
[EventRounds "11"]
[EventCountry "USA"]
[SourceTitle "EXT 2025"]
[Source "ChessBase"]
[SourceDate "2024.10.14"]
[SourceVersion "1"]
[SourceVersionDate "2024.10.14"]
[SourceQuality "1"]

1. e4 c5 2. Nc3 Nc6 3. g3 g6 4. Bg2 Bg7 5. d3 d6 6. Be3 Nf6 7. h3 0-0 8. Qd2 Rb8 9. Bh6 b5 10. Bxg7 Kxg7 11. Nge2 b4 12. Nd1 a5 13. Ne3 e6 14. 0-0 Bd7 15. f4 Nd4 16. Nxd4 cxd4 17. Nc4 Qc7 18. Rf2 Bb5 19. e5 Ne8 20. exd6 Nxd6 21. Nxd6 Qxd6 22. Re1 Bc6 23. Bxc6 Qxc6 24. Qe2 Rb5 25. Qe4 Qxe4 26. Rxe4 Rd5 27. Kf1 Rc8 28. Ke1 Kf6 29. Kd1 Ke7 30. g4 f6 31. Rfe2 Rc6 32. h4 Kf7 33. b3 h6 34. f5 gxf5 35. gxf5 Rxf5 36. Rxd4 Rf1+ 37. Kd2 Ra1 38. Rd7+ Kg6 39. Re7 Rxa2 40. Kc1 Ra1+ 41. Kb2 Rh1 42. R7xe6 Rxe6 43. Rxe6 Rxh4 44. c4 bxc3+ 45. Kxc3 Rh5 46. d4 Rb5 47. Kc4 Rb4+ 48. Kc5 Rxb3 49. d5 Rd3 50. d6 h5 51. d7 Rxd7 0-1

[Event "Titled Tuesday intern op 16th Jul Early"]
[Site "Chess.com INT"]
[Date "2024.07.16"]
[Round "1"]
[White "Farberov, Maxim"]
[Black "Guzman Lozano, Campo Elias"]
[Result "0-1"]
[WhiteElo "1988"]
[BlackElo "1868"]
[PlyCount "112"]
[EventDate "2024.07.16"]
[EventType "swiss (blitz)"]
[EventRounds "11"]
[EventCountry "USA"]
[SourceTitle "EXT 2025"]
[Source "ChessBase"]
[SourceDate "2024.10.14"]
[SourceVersion "1"]
[SourceVersionDate "2024.10.14"]
[SourceQuality "1"]

1. e4 c5 2. Nf3 Nc6 3. d4 cxd4 4. Nxd4 e5 5. Nb5 a6 6. Nd6+ Bxd6 7. Qxd6 Qe7 8. Qd1 Nf6 9. Nc3 h6 10. Be3 b5 11. Nd5 Nxd5 12. exd5 Na5 13. Qd2 Nb7 14. 0-0-0 d6 15. f4 f6 16. fxe5 fxe5 17. Qf2 Bg4 18. Rd2 Rf8 19. Qg3 Bf5 20. Bd3 Rc8 21. Bxf5 Rxf5 22. Re1 Rc4 23. b3 Rc7 24. Kb2 Qf7 25. Qh3 Qg6 26. g4 Rf8 27. Rg1 Kd8 28. Bb6 Nc5 29. Bxc7+ Kxc7 30. Qe3 Qg5 31. Qxg5 hxg5 32. Rgg2 Rf4 33. h3 b4 34. Rgf2 Kd7 35. a3 a5 36. axb4 axb4 37. Kc1 Ne4 38. Rxf4 gxf4 39. Re2 Nc3 40. Rf2 Nxd5 41. Kd2 e4 42. Ke2 Ke6 43. Rf1 Ke5 44. Ra1 Kd4 45. Rd1+ Ke5 46. h4 Ne3 47. Rg1 Nxc2 48. g5 Nd4+ 49. Kf2 e3+ 50. Kg2 f3+ 51. Kg3 Ke4 52. h5 Ne2+ 53. Kh2 Nxg1 54. Kxg1 f2+ 55. Kf1 Kf3 56. h6 e2# 0-1

[Event "Titled Tuesday intern op 16th Jul Early"]
[Site "Chess.com INT"]
[Date "2024.07.16"]
[Round "8"]
[White "Farberov, Maxim"]
[Black "Matinian, Nikita"]
[Result "1/2-1/2"]
[WhiteElo "1988"]
[BlackElo "2394"]
[PlyCount "120"]
[EventDate "2024.07.16"]
[EventType "swiss (blitz)"]
[EventRounds "11"]
[EventCountry "USA"]
[SourceTitle "EXT 2025"]
[Source "ChessBase"]
[SourceDate "2024.10.14"]
[SourceVersion "1"]
[SourceVersionDate "2024.10.14"]
[SourceQuality "1"]

1. e4 c5 2. Nf3 e6 3. d4 cxd4 4. Nxd4 Nc6 5. Nc3 Qc7 6. Be3 a6 7. Qf3 b5 8. Nxc6 Qxc6 9. Bd3 h5 10. 0-0-0 Nf6 11. Bd4 Be7 12. h4 Bb7 13. Qg3 b4 14. Ne2 Rg8 15. f3 a5 16. Kb1 a4 17. Rc1 Ba6 18. Rhd1 Qb7 19. Qf2 d6 20. c3 bxc3 21. Rxc3 Nd7 22. Bxa6 Qxa6 23. Rdc1 Bd8 24. Ng3 g6 25. Nf1 Rb8 26. Qc2 a3 27. b3 g5 28. hxg5 Rxg5 29. Be3 Rgb5 30. g3 Ne5 31. Nd2 R5b7 32. f4 Ng4 33. Bg1 Qe2 34. Nc4 Qxc2+ 35. R1xc2 Be7 36. Rd3 Nf6 37. Re2 d5 38. exd5 Nxd5 39. Rxd5 exd5 40. Nd6+ Kf8 41. Nxb7 Rxb7 42. Bd4 h4 43. gxh4 Bxh4 44. Kc2 Bg3 45. f5 Rc7+ 46. Kd3 Bd6 47. f6 Rc1 48. Rc2 Rxc2 49. Kxc2 Ke8 50. Kc3 Kd7 51. b4 Kc6 52. Kb3 Kb5 53. Kxa3 Bxb4+ 54. Kb3 Be1 55. a4+ Kc6 56. Kc2 Bh4 57. Kb3 Bg5 58. Kc2 Bh4 59. Kb3 Bg5 60. Kc2 Bh4 1/2-1/2

[Event "Titled Tuesday intern op 16th Jul Early"]
[Site "Chess.com INT"]
[Date "2024.07.16"]
[Round "11"]
[White "Hamidov, Allahverdi"]
[Black "Farberov, Maxim"]
[Result "1-0"]
[WhiteElo "2250"]
[BlackElo "1988"]
[PlyCount "83"]
[EventDate "2024.07.16"]
[EventType "swiss (blitz)"]
[EventRounds "11"]
[EventCountry "USA"]
[SourceTitle "EXT 2025"]
[Source "ChessBase"]
[SourceDate "2024.10.14"]
[SourceVersion "1"]
[SourceVersionDate "2024.10.14"]
[SourceQuality "1"]

1. d4 d6 2. c4 e5 3. d5 Be7 4. Nc3 Bg5 5. e3 f5 6. Nf3 Bh6 7. e4 Bxc1 8. Rxc1 fxe4 9. Nxe4 Nf6 10. Bd3 0-0 11. Qc2 h6 12. 0-0 a5 13. c5 Na6 14. cxd6 cxd6 15. Nxf6+ Qxf6 16. Bxa6 Rxa6 17. Nd2 Bf5 18. Qc7 Rf7 19. Qb8+ Kh7 20. Rc7 Bd3 21. Rxf7 Qxf7 22. Re1 Qxd5 23. h4 Bg6 24. Nf3 Rb6 25. b3 a4 26. Qc7 Rb4 27. Qd8 axb3 28. axb3 Rxb3 29. Rxe5 Rb1+ 30. Kh2 Qxe5+ 31. Nxe5 dxe5 32. Qe7 Rb5 33. g4 Bd3 34. Qd7 Rb3 35. Qd5 Rc3 36. Qxe5 Rc2 37. Kg3 b5 38. Qd5 Rc3 39. f3 b4 40. Qd4 Rb3 41. g5 Be2 42. Qe4+ 1-0

[Event "Titled Tuesday intern op 16th Jul Early"]
[Site "Chess.com INT"]
[Date "2024.07.16"]
[Round "5"]
[White "Jian, Alex"]
[Black "Farberov, Maxim"]
[Result "0-1"]
[WhiteElo "2031"]
[BlackElo "1988"]
[PlyCount "32"]
[EventDate "2024.07.16"]
[EventType "swiss (blitz)"]
[EventRounds "11"]
[EventCountry "USA"]
[SourceTitle "EXT 2025"]
[Source "ChessBase"]
[SourceDate "2024.10.14"]
[SourceVersion "1"]
[SourceVersionDate "2024.10.14"]
[SourceQuality "1"]

1. e3 g6 2. Ke2 Bg7 3. Qe1 d5 4. Kd1 c5 5. Qe2 Nc6 6. Ke1 e5 7. Qd1 Nf6 8. d3 0-0 9. Ne2 Qe7 10. Nd2 e4 11. Ng3 exd3 12. Bxd3 Bg4 13. Be2 h5 14. Nb3 Rad8 15. h3 Bc8 16. Kf1 h4 0-1

[Event "Titled Tuesday intern op 30th Apr Early"]
[Site "Chess.com INT"]
[Date "2024.04.30"]
[Round "8"]
[White "Demchenko, Anton"]
[Black "Farberov, Maxim"]
[Result "1-0"]
[WhiteElo "2609"]
[BlackElo "1975"]
[PlyCount "59"]
[EventDate "2024.04.30"]
[EventType "swiss (blitz)"]
[EventRounds "11"]
[EventCountry "USA"]
[SourceTitle "CBM 220 Extra"]
[Source "ChessBase"]
[SourceDate "2024.07.31"]
[SourceVersion "1"]
[SourceVersionDate "2024.07.31"]
[SourceQuality "1"]

1. e4 c5 2. Nf3 Nc6 3. Bb5 g6 4. 0-0 Bg7 5. d3 e5 6. a3 Nge7 7. b4 cxb4 8. axb4 0-0 9. c4 d6 10. Nc3 Bg4 11. h3 Bxf3 12. Qxf3 Nd4 13. Qd1 a6 14. Ba4 Rc8 15. b5 axb5 16. Bxb5 f5 17. Bg5 Bf6 18. Be3 Nec6 19. exf5 gxf5 20. f4 exf4 21. Bxf4 Nxb5 22. Nxb5 Bxa1 23. Qxa1 d5 24. Nd6 dxc4 25. Nxc8 Qxc8 26. dxc4 Qe6 27. Re1 Qf6 28. Qc1 Qg6 29. Re3 Re8 30. Rg3 1-0

[Event "Titled Tuesday intern op 30th Apr Early"]
[Site "Chess.com INT"]
[Date "2024.04.30"]
[Round "6"]
[White "Farberov, Maxim"]
[Black "Antunez, Soler Luis"]
[Result "1-0"]
[WhiteElo "1975"]
[BlackElo "2200"]
[PlyCount "25"]
[EventDate "2024.04.30"]
[EventType "swiss (blitz)"]
[EventRounds "11"]
[EventCountry "USA"]
[SourceTitle "CBM 220 Extra"]
[Source "ChessBase"]
[SourceDate "2024.07.31"]
[SourceVersion "1"]
[SourceVersionDate "2024.07.31"]
[SourceQuality "1"]

1. e4 e6 2. d4 d5 3. Nc3 Nf6 4. e5 Nfd7 5. f4 c5 6. Nf3 Nc6 7. Be3 a6 8. Ne2 b5 9. c3 Qb6 10. Ng3 b4 11. Bd3 bxc3 12. bxc3 cxd4 13. cxd4 1-0

[Event "Titled Tuesday intern op 30th Apr Early"]
[Site "Chess.com INT"]
[Date "2024.04.30"]
[Round "3"]
[White "Farberov, Maxim"]
[Black "Cieslak, Patryk"]
[Result "0-1"]
[WhiteElo "1975"]
[BlackElo "2373"]
[PlyCount "62"]
[EventDate "2024.04.30"]
[EventType "swiss (blitz)"]
[EventRounds "11"]
[EventCountry "USA"]
[SourceTitle "CBM 220 Extra"]
[Source "ChessBase"]
[SourceDate "2024.07.31"]
[SourceVersion "1"]
[SourceVersionDate "2024.07.31"]
[SourceQuality "1"]

1. e4 c5 2. Nf3 Nc6 3. d4 cxd4 4. Nxd4 Nf6 5. Nc3 d6 6. Bg5 e6 7. Qd2 a6 8. 0-0-0 Bd7 9. Kb1 Be7 10. f3 Nxd4 11. Qxd4 b5 12. h4 Qc7 13. Qd2 b4 14. Ne2 a5 15. Nd4 Qb7 16. g4 a4 17. Bd3 b3 18. cxb3 axb3 19. a3 0-0 20. h5 Ra4 21. Be3 Rfa8 22. g5 Ne8 23. Rc1 d5 24. exd5 Bxa3 25. bxa3 Rxa3 26. Qb2 e5 27. Nf5 Ra1+ 28. Qxa1 Rxa1+ 29. Kxa1 b2+ 30. Kb1 bxc1Q+ 31. Kxc1 Qc8+ 0-1

[Event "Titled Tuesday intern op 30th Apr Early"]
[Site "Chess.com INT"]
[Date "2024.04.30"]
[Round "11"]
[White "Piesik, Piotr"]
[Black "Farberov, Maxim"]
[Result "1-0"]
[WhiteElo "2417"]
[BlackElo "1975"]
[PlyCount "131"]
[EventDate "2024.04.30"]
[EventType "swiss (blitz)"]
[EventRounds "11"]
[EventCountry "USA"]
[SourceTitle "CBM 220 Extra"]
[Source "ChessBase"]
[SourceDate "2024.07.31"]
[SourceVersion "1"]
[SourceVersionDate "2024.07.31"]
[SourceQuality "1"]

1. Nf3 d6 2. d4 Nf6 3. g3 g6 4. Bg2 Bg7 5. 0-0 0-0 6. Nbd2 Nbd7 7. e4 e5 8. dxe5 dxe5 9. Qe2 b6 10. b3 Qe7 11. Bb2 Bb7 12. Rfd1 Rfe8 13. a4 a5 14. Ne1 Nc5 15. f3 Nfd7 16. Nc4 Ne6 17. Nd3 Nd4 18. Qf2 Ba6 19. Ne3 c6 20. Bh3 Nc5 21. Bf1 Nce6 22. Ne1 Red8 23. Bxa6 Rxa6 24. Ba3 Qc7 25. Kg2 Ng5 26. h4 Nge6 27. Rab1 Nf8 28. c3 Nde6 29. Qe2 Raa8 30. Rxd8 Rxd8 31. Rd1 Nd7 32. Bd6 Qb7 33. Nc4 f6 34. Be7 Re8 35. Nd6 Qb8 36. Nxe8 Qxe8 37. Ba3 Ndc5 38. Qc4 Kh8 39. Bxc5 Nxc5 40. Nd3 Ne6 41. Nf2 f5 42. Qd3 f4 43. g4 Bf6 44. Qd7 Qxd7 45. Rxd7 Bxh4 46. Rd6 Nc5 47. Rxc6 Nxb3 48. Rxb6 Nc5 49. Rb5 Nxa4 50. c4 Bf6 51. Nd3 Nc3 52. Rxa5 Kg7 53. Nxe5 Ne2 54. Nd7 Bc3 55. Ra7 Kh6 56. c5 Nd4 57. Nf8 Kg5 58. Nxh7+ Kh4 59. Nf8 Kg5 60. Ra6 Nc2 61. Rxg6+ Kh4 62. Rh6+ Kg5 63. Rh5+ Kf6 64. c6 Ne3+ 65. Kh3 Be5 66. Nd7+ 1-0

[Event "Titled Tuesday intern op 26th Mar Early"]
[Site "Chess.com INT"]
[Date "2024.03.26"]
[Round "4"]
[White "Galchenko, Matvey"]
[Black "Farberov, Maxim"]
[Result "0-1"]
[WhiteElo "2438"]
[BlackElo "1975"]
[PlyCount "78"]
[EventDate "2024.03.26"]
[EventType "swiss (blitz)"]
[EventRounds "11"]
[EventCountry "USA"]
[SourceTitle "EXT 2025"]
[Source "ChessBase"]
[SourceDate "2024.10.14"]
[SourceVersion "1"]
[SourceVersionDate "2024.10.14"]
[SourceQuality "1"]

1. e4 c5 2. a3 g6 3. Nc3 Bg7 4. Bc4 Nc6 5. d3 d6 6. Ba2 Nf6 7. f4 0-0 8. Nf3 e6 9. 0-0 Rb8 10. Qe1 b5 11. Qh4 b4 12. axb4 Nxb4 13. Bb1 Qb6 14. Kh1 Bb7 15. f5 exf5 16. exf5 d5 17. Bh6 d4 18. Na4 Qc6 19. c3 dxc3 20. bxc3 Nbd5 21. d4 cxd4 22. cxd4 Bxh6 23. Qxh6 Ng4 24. Qh4 Nde3 25. Bd3 Nxf1 26. Bxf1 Ne3 27. f6 Nf5 28. Qg5 h6 29. Qf4 Qe4 30. Qxe4 Bxe4 31. Ne5 Rb4 32. Nc5 Rxd4 33. Kg1 Re8 34. Nc4 Bd5 35. Nb2 Ne3 36. Bd3 Nc4 37. Bxc4 Bxc4 38. Rxa7 Rd2 39. Nxc4 Re1# 0-1

[Event "Titled Tuesday intern op 26th Mar Early"]
[Site "Chess.com INT"]
[Date "2024.03.26"]
[Round "10"]
[White "Krawczyk, Flawian"]
[Black "Farberov, Maxim"]
[Result "1-0"]
[WhiteElo "2357"]
[BlackElo "1975"]
[PlyCount "81"]
[EventDate "2024.03.26"]
[EventType "swiss (blitz)"]
[EventRounds "11"]
[EventCountry "USA"]
[SourceTitle "EXT 2025"]
[Source "ChessBase"]
[SourceDate "2024.10.14"]
[SourceVersion "1"]
[SourceVersionDate "2024.10.14"]
[SourceQuality "1"]

1. e4 c5 2. Nf3 Nc6 3. Bb5 g6 4. 0-0 Bg7 5. Re1 e5 6. b4 Nxb4 7. Bb2 a6 8. a3 axb5 9. axb4 Rxa1 10. Bxa1 cxb4 11. d4 d6 12. dxe5 dxe5 13. Qe2 Qc7 14. Qxb5+ Bd7 15. Qxb4 Ne7 16. Na3 Nc6 17. Qc5 Bf8 18. Nb5 Bxc5 19. Nxc7+ Kd8 20. Nd5 Re8 21. Rb1 Kc8 22. Bc3 Nd4 23. Ra1 Kb8 24. Bxd4 exd4 25. Nf6 Re7 26. Nxd7+ Rxd7 27. Ne1 Re7 28. Nd3 Bd6 29. Re1 Rc7 30. Re2 f6 31. f4 Kc8 32. e5 fxe5 33. fxe5 Be7 34. Kf2 Bg5 35. Kf3 Be3 36. Ke4 Kd7 37. Kd5 Ke7 38. h4 h5 39. g3 Rd7+ 40. Ke4 Ke6 41. Nc5+ 1-0

[Event "Titled Tuesday intern op 26th Mar Early"]
[Site "Chess.com INT"]
[Date "2024.03.26"]
[Round "5"]
[White "Panesar, Vedant"]
[Black "Farberov, Maxim"]
[Result "1-0"]
[WhiteElo "2462"]
[BlackElo "1975"]
[PlyCount "57"]
[EventDate "2024.03.26"]
[EventType "swiss (blitz)"]
[EventRounds "11"]
[EventCountry "USA"]
[SourceTitle "EXT 2025"]
[Source "ChessBase"]
[SourceDate "2024.10.14"]
[SourceVersion "1"]
[SourceVersionDate "2024.10.14"]
[SourceQuality "1"]

1. e4 d6 2. d4 Nf6 3. Nc3 e5 4. Nf3 Nbd7 5. Rg1 c6 6. g4 h6 7. a4 Qa5 8. Qe2 exd4 9. Nxd4 Qe5 10. Nf3 Qe7 11. h3 Nc5 12. Nd2 g5 13. Bg2 Bg7 14. Nc4 Be6 15. Ne3 0-0-0 16. Bd2 Nfd7 17. b4 Na6 18. b5 Nb4 19. Rb1 c5 20. Ncd5 Bxd5 21. exd5 Rde8 22. Kd1 Qf6 23. c3 Na2 24. Rb3 Nb6 25. Be1 Nb4 26. a5 Na4 27. Qc4 Rxe3 28. fxe3 Re8 29. Rxb4 1-0

[Event "Titled Tuesday intern op 19th Mar Early"]
[Site "Chess.com INT"]
[Date "2024.03.19"]
[Round "2"]
[White "Farberov, Maxim"]
[Black "Kostiukov, Alexandr"]
[Result "1-0"]
[WhiteElo "1975"]
[BlackElo "2271"]
[PlyCount "89"]
[EventDate "2024.03.19"]
[EventType "swiss (blitz)"]
[EventRounds "11"]
[EventCountry "USA"]
[SourceTitle "EXT 2025"]
[Source "ChessBase"]
[SourceDate "2024.10.14"]
[SourceVersion "1"]
[SourceVersionDate "2024.10.14"]
[SourceQuality "1"]

1. e4 c5 2. Nf3 g6 3. d4 cxd4 4. Nxd4 Bg7 5. Nc3 Nc6 6. Be3 Nf6 7. Bc4 Qa5 8. 0-0 Qb4 9. Bb3 Nxe4 10. Nxe4 Nxd4 11. c3 Ne2+ 12. Qxe2 Qxe4 13. Rad1 0-0 14. Bd5 Qf5 15. Bd4 Bxd4 16. Rxd4 e6 17. Bf3 d5 18. c4 dxc4 19. Rxc4 Rb8 20. Rc7 Qa5 21. Rfc1 e5 22. a3 Be6 23. R7c5 Qb6 24. Qxe5 Rbd8 25. h3 Rd7 26. b4 Rfd8 27. Rc8 Rxc8 28. Rxc8+ Rd8 29. Rxd8+ Qxd8 30. Bxb7 Qd1+ 31. Kh2 Qd2 32. Qb8+ Kg7 33. Qxa7 Qf4+ 34. g3 Qc1 35. Qd4+ Kg8 36. a4 h5 37. Bg2 Qa3 38. a5 Kh7 39. h4 Qa4 40. Qb6 Bc4 41. Qc7 Bb5 42. Qc5 Kg7 43. Qd4+ Kg8 44. Bd5 Qc2 45. Qf4 1-0

[Event "Titled Tuesday intern op 19th Mar Early"]
[Site "Chess.com INT"]
[Date "2024.03.19"]
[Round "3"]
[White "Gavrilescu, David"]
[Black "Farberov, Maxim"]
[Result "0-1"]
[WhiteElo "2524"]
[BlackElo "1975"]
[PlyCount "118"]
[EventDate "2024.03.19"]
[EventType "swiss (blitz)"]
[EventRounds "11"]
[EventCountry "USA"]
[SourceTitle "EXT 2025"]
[Source "ChessBase"]
[SourceDate "2024.10.14"]
[SourceVersion "1"]
[SourceVersionDate "2024.10.14"]
[SourceQuality "1"]

1. e4 d6 2. d4 Nf6 3. Bd3 e5 4. c3 Nbd7 5. Nf3 d5 6. Qe2 dxe4 7. Bxe4 Nxe4 8. Qxe4 Be7 9. Nxe5 Nf6 10. Qf3 0-0 11. 0-0 c5 12. Be3 Nd5 13. dxc5 Nxe3 14. Qxe3 Qc7 15. b4 Re8 16. Nf3 Bd7 17. Nd4 Bf6 18. Qf3 a5 19. Nd2 axb4 20. Ne4 Be5 21. Ng5 Bxh2+ 22. Kh1 Bf4 23. Nxf7 Kxf7 24. g3 Bc6 25. Nxc6 Qxc6 26. Qxc6 bxc6 27. gxf4 bxc3 28. Rfc1 Re2 29. Rxc3 Raxa2 30. Rxa2 Rxa2 31. Kg2 Kf6 32. Rd3 Kf5 33. Rd6 Rc2 34. Rxc6 Kxf4 35. Rc7 g5 36. c6 h5 37. Rc8 Kg4 38. Kf1 h4 39. Ke1 h3 40. Kf1 Rc1+ 41. Ke2 h2 42. f3+ Kg3 43. Rg8 h1Q 44. Rxg5+ Kf4 45. Rg4+ Kf5 46. Re4 Qe1+ 47. Kd3 Qc3+ 48. Ke2 Rc2+ 49. Kf1 Qa1+ 50. Re1 Rc1 51. Rxc1 Qxc1+ 52. Kg2 Qxc6 53. Kg3 Kg5 54. f4+ Kf5 55. Kf2 Qc3 56. Ke2 Kxf4 57. Kd1 Qb2 58. Ke1 Ke3 59. Kd1 Qd2# 0-1

[Event "Titled Tuesday intern op 19th Mar Early"]
[Site "Chess.com INT"]
[Date "2024.03.19"]
[Round "8"]
[White "Korchmar, Vasiliy"]
[Black "Farberov, Maxim"]
[Result "0-1"]
[WhiteElo "2438"]
[BlackElo "1975"]
[PlyCount "52"]
[EventDate "2024.03.19"]
[EventType "swiss (blitz)"]
[EventRounds "11"]
[EventCountry "USA"]
[SourceTitle "EXT 2025"]
[Source "ChessBase"]
[SourceDate "2024.10.14"]
[SourceVersion "1"]
[SourceVersionDate "2024.10.14"]
[SourceQuality "1"]

1. e4 c5 2. Nf3 Nc6 3. d4 cxd4 4. Nxd4 e5 5. Nb5 d6 6. c4 g6 7. Bd3 Be6 8. 0-0 a6 9. N5c3 Bg7 10. Nd5 Nf6 11. Bg5 Rc8 12. Qf3 Bxd5 13. exd5 Nd4 14. Qh3 0-0 15. Qh4 h6 16. Bxh6 Bxh6 17. Qxh6 e4 18. Qf4 Qb6 19. Qxf6 Qxb2 20. Qf4 exd3 21. Kh1 Qxa1 22. Nd2 Ne2 23. Qxd6 Qd4 24. f4 Rxc4 25. f5 Rc1 26. fxg6 Qg1+ 0-1